[Event "XVII Festival"]
[Site "Abu Dhabi EAU"]
[Date "2007.08.17"]
[Round "6"]
[White "Anastasian, A."]
[Black "Amin, B."]
[Result "1-0"]
[WhiteElo "2555"]
[BlackElo "2535"]
[PlyCount "81"]
[EventDate "2007.08.12"]
[Source "www.chesslib.no"]
[SourceDate "2004.05.04"]

1. d4 e6 2. c4 f5 3. Nf3 Nf6 4. g3 d6 5. Bg2 Be7 6. O-O O-O 7. Nc3 Qe8 8. Re1 Ne4 9. Nxe4 fxe4 10. Nd2 d5 11. f3 Bf6 12. e3 exf3 13. Bxf3 c6 14. b3 e5 15. cxd5 cxd5 16. Bxd5+ Kh8 17. Ba3 Be7 18. Bxe7 Qxe7 19. Nc4 Nd7 20. Bg2 e4 21. Qh5 Nf6 22. Qe5 Qf7 23. Rf1 Bd7 24. Bxe4 Rae8 25. Nd6 Qg8 26. Nxe8 Rxe8 27. Qc7 Qe6 28. Bg2 Qxe3+ 29. Kh1 Bb5 30. Rf3 Qxd4 31. Qc3 Qd6 32. Re1 Rd8 33. Rf5 Bc6 34. Bxc6 bxc6 35. Qe5 Qd5+ 36. Qxd5 cxd5 37. Kg2 Kg8 38. Kf3 Kf7 39. Rfe5 Rd7 40. Ke2 Rc7 41. Kd3 1-0

[Event "Cappelle Open"]
[Site "Cappelle la Grande FRA"]
[Date "1995.??.??"]
[Round "4"]
[White "Savchenko, Stanislav"]
[Black "Nikolaidis, Ioannis"]
[Result "1/2-1/2"]
[WhiteElo "2585"]
[BlackElo "2495"]
[PlyCount "44"]
[EventDate "1995.03.??"]
[Source "www.chesslib.no"]
[SourceDate "2004.05.04"]

1. d4 e6 2. c4 f5 3. Nf3 Nf6 4. g3 Be7 5. Bg2 O-O 6. O-O d6 7. Nc3 Qe8 8. Re1 d5 9. cxd5 exd5 10. Qb3 c6 11. e4 fxe4 12. Nxe4 Nxe4 13. Rxe4 Qf7 14. Rf4 Bf6 15. Bd2 Re8 16. Bf1 Nd7 17. g4 Qe7 18. Bd3 g6 19. Re4 Qf8 20. Rxe8 Qxe8 21. Re1 Qd8 22. h3 Nf8 1/2-1/2

[Event "Budapest Honved"]
[Site "Budapest"]
[Date "1994.??.??"]
[Round "7"]
[White "Horvath, Csaba"]
[Black "Danner, Georg"]
[Result "1/2-1/2"]
[WhiteElo "2540"]
[BlackElo "2455"]
[PlyCount "30"]
[EventDate "1994.??.??"]
[Source "ChessBase"]

1. d4 f5 2. g3 Nf6 3. Bg2 d6 4. c4 e6 5. Nc3 Be7 6. Nf3 O-O 7. O-O Qe8 8. b4 Ne4 9. Bb2 Bf6 10. Qd3 Qg6 11. Nd2 Nxd2 12. Qxd2 c6 13. e4 e5 14. exf5 Bxf5 15. Rae1 Bg5 1/2-1/2

[Event "Ramat Hasharon"]
[Site "Ramat Hasharon"]
[Date "1993.??.??"]
[Round "?"]
[White "Beim, Valery"]
[Black "Zilberman, Yaacov"]
[Result "0-1"]
[WhiteElo "2500"]
[BlackElo "2475"]
[PlyCount "110"]
[EventDate "1993.??.??"]
[Source "www.chesslib.no"]
[SourceDate "2004.05.04"]

1. c4 e6 2. Nc3 f5 3. Nf3 Nf6 4. g3 Be7 5. Bg2 O-O 6. O-O d6 7. d4 Qe8 8. Bg5 Qg6 9. e4 fxe4 10. Nxe4 Nc6 11. Bxf6 Bxf6 12. Re1 e5 13. Nxf6+ Qxf6 14. dxe5 dxe5 15. Qd5+ Be6 16. Qc5 Rad8 17. Nxe5 Nd4 18. Nd3 c6 19. Rac1 Bf5 20. Ne5 b6 21. Qb4 Nc2 22. Rxc2 Bxc2 23. f4 c5 24. Qa3 a5 25. Bd5+ Kh8 26. Qe3 Bf5 27. Re2 Be6 28. Ng6+ Qxg6 29. Qxe6 Rfe8 30. Qxg6 hxg6 31. Rxe8+ Rxe8 32. Kf2 g5 33. fxg5 Kh7 34. a4 Kg6 35. h4 Kf5 36. Kf3 Re1 37. g4+ Ke5 38. h5 Rf1+ 39. Kg3 Rg1+ 40. Kf3 Rb1 41. h6 gxh6 42. gxh6 Rh1 43. g5 Kf5 44. Be4+ Kxg5 45. h7 Kf6 46. Kg3 Rh6 47. Kg4 Kg7 48. Kg3 Rd6 49. Bd5 Kxh7 50. Kf4 Kg7 51. Ke3 Rh6 52. Kd3 Kf6 53. Kc3 Ke5 54. Kb3 Kd4 55. Ka2 Kd3 0-1

[Event "Ch Bosnia & Herzegovina (team)"]
[Site "Vogosca (Bosnia & Herzegovina"]
[Date "2007.06.09"]
[Round "8"]
[White "Milanovic Danilo (SCG)"]
[Black "Bogut Zeljko (BIH)"]
[Result "1/2-1/2"]
[WhiteElo "2493"]
[BlackElo "2454"]
[PlyCount "24"]
[EventDate "2007.??.??"]
[Source "www.chesslib.no"]
[SourceDate "2004.05.04"]

1. d4 e6 2. c4 f5 3. g3 Nf6 4. Bg2 Be7 5. Nf3 d6 6. O-O O-O 7. Nc3 Qe8 8. Re1 Qg6 9. e4 Nxe4 10. Nxe4 fxe4 11. Rxe4 Nc6 12. Re3 Bf6 1/2-1/2

[Event "Szolnok"]
[Site "Szolnok"]
[Date "1975.??.??"]
[Round "12"]
[White "Liebert, Heinz"]
[Black "Farago, Ivan"]
[Result "1/2-1/2"]
[WhiteElo "2450"]
[BlackElo "2460"]
[PlyCount "44"]
[EventDate "1975.??.??"]
[Source "ChessBase"]

1. d4 e6 2. Nf3 f5 3. g3 Nf6 4. Bg2 Be7 5. c4 d6 6. Nc3 O-O 7. O-O Qe8 8. Re1 Qg6 9. e4 Nxe4 10. Nxe4 fxe4 11. Rxe4 Nc6 12. Qe2 Bf6 13. Bd2 e5 14. dxe5 Nxe5 15. Nxe5 Bxe5 16. Bc3 Bxc3 17. bxc3 Bd7 18. Re1 Rae8 19. c5 Bc6 20. Rxe8 Rxe8 21. Qc4+ Kf8 22. Rxe8+ Qxe8 1/2-1/2

[Event "Baille Herculane"]
[Site "?"]
[Date "1982.??.??"]
[Round "8"]
[White "Georgiev, Ki"]
[Black "Spiridinov, N."]
[Result "1/2-1/2"]
[WhiteElo "2465"]
[BlackElo "2440"]
[PlyCount "23"]
[EventDate "1982.??.??"]
[Source "www.chesslib.no"]
[SourceDate "2004.05.04"]

1. c4 e6 2. Nc3 f5 3. d4 Nf6 4. Nf3 Be7 5. g3 O-O 6. Bg2 d6 7. O-O Qe8 8. Re1 Qg6 9. e4 fxe4 10. Nxe4 Nxe4 11. Rxe4 Nc6 12. Qe2 1/2-1/2

[Event "Wch under 18 boys"]
[Site "Marina d'Or"]
[Date "1998.11.06"]
[Round "11"]
[White "Ilijushin, A."]
[Black "Pert, N."]
[Result "1/2-1/2"]
[WhiteElo "2470"]
[BlackElo "2415"]
[PlyCount "40"]
[EventDate "1998.??.??"]
[Source "www.chesslib.no"]
[SourceDate "2004.05.04"]

1. d4 e6 2. c4 f5 3. Nf3 Nf6 4. g3 Be7 5. Bg2 d6 6. O-O O-O 7. Nc3 Qe8 8. Re1 Qg6 9. e4 Nxe4 10. Nxe4 fxe4 11. Rxe4 Nc6 12. Qe2 Bf6 13. Bf4 d5 14. cxd5 exd5 15. Re3 Bxd4 16. Nxd4 Nxd4 17. Qd2 c5 18. Rc1 Bg4 19. Kh1 b6 20. Be5 Kh8 1/2-1/2

[Event "Solingen"]
[Site "?"]
[Date "2005.05.29"]
[Round "7.3"]
[White "Hausrath Daniel"]
[Black "Rotshtein Efim"]
[Result "1/2-1/2"]
[WhiteElo "2473"]
[BlackElo "2410"]
[PlyCount "22"]
[EventDate "2005.??.??"]
[Source "www.chesslib.no"]
[SourceDate "2004.05.04"]

1. Nf3 e6 2. g3 f5 3. Bg2 Nf6 4. O-O d6 5. d4 Be7 6. c4 O-O 7. Nc3 Qe8 8. Re1 Ne4 9. Qd3 Qg6 10. Nb5 Bd8 11. Nd2 a6 1/2-1/2

[Event "2nd Viking GMB, York ENG"]
[Site "?"]
[Date "2000.??.??"]
[Round "2"]
[White "Gormally, D."]
[Black "Heidenfeld, M."]
[Result "1-0"]
[WhiteElo "2495"]
[BlackElo "2375"]
[PlyCount "65"]
[EventDate "2000.??.??"]
[Source "www.chesslib.no"]
[SourceDate "2004.05.04"]

1. d4 e6 2. c4 f5 3. g3 Nf6 4. Bg2 Be7 5. Nf3 O-O 6. O-O d6 7. Nc3 Qe8 8. Re1 Ne4 9. Nxe4 fxe4 10. Nd2 d5 11. f3 exf3 12. Bxf3 Bf6 13. e3 c6 14. b3 Nd7 15. Bb2 Qd8 16. Bg4 Re8 17. e4 Nf8 18. e5 Be7 19. Bh5 g6 20. Bg4 h5 21. Be2 Kg7 22. Bd3 Bb4 23. a3 Ba5 24. b4 Bc7 25. Rf1 Qg5 26. Nf3 Qe7 27. Bc1 dxc4 28. Bb1 Qd8 29. Ng5 Re7 30. Be3 Bb6 31. Ra2 Qe8 32. Rf6 a5 33. Raf2 1-0

[Event "URS Ch U26"]
[Site "Lvov UKR"]
[Date "1985.??.??"]
[Round "?"]
[White "Moskalenko, Viktor"]
[Black "Glek, Igor V"]
[Result "1/2-1/2"]
[WhiteElo "2460"]
[BlackElo "2405"]
[PlyCount "90"]
[EventDate "1985.??.??"]
[Source "www.chesslib.no"]
[SourceDate "2004.05.04"]

1. c4 f5 2. d4 Nf6 3. Nc3 e6 4. Nf3 Be7 5. g3 O-O 6. Bg2 d6 7. O-O Qe8 8. Ne1 e5 9. dxe5 dxe5 10. Nd5 Bd8 11. b3 c6 12. Nxf6+ Bxf6 13. Ba3 Rf7 14. Qc2 Be6 15. Rd1 Nd7 16. Bd5 cxd5 17. cxd5 Bxd5 18. Rxd5 Nb6 19. Rd1 Rc8 20. Qb1 Qb5 21. e3 e4 22. Ng2 Nd7 23. Rc1 Re8 24. Bd6 Be5 25. a4 Qb6 26. Ba3 Bb8 27. f4 exf3 28. Rxf3 Ne5 29. Rxf5 Rxf5 30. Qxf5 Qxb3 31. Rc8 Qd1+ 32. Kf2 Nd3+ 33. Qxd3 Qxd3 34. Rxe8+ Kf7 35. Rxb8 Qxa3 36. Rxb7+ Kf6 37. Rxa7 Qb2+ 38. Kg1 Qb6 39. Ra8 Ke7 40. h3 Qb7 41. Ra5 Qc7 42. Rg5 Kf6 43. Rg4 g5 44. h4 h6 45. Kh2 Qc5 1/2-1/2

[Event "Corr"]
[Site "?"]
[Date "1999.??.??"]
[Round "?"]
[White "Coco Carmelo"]
[Black "Pavoni Flavio"]
[Result "1/2-1/2"]
[WhiteElo "2433"]
[BlackElo "2428"]
[PlyCount "59"]
[EventDate "1999.??.??"]
[Source "www.chesslib.no"]
[SourceDate "2004.05.04"]

1. d4 f5 2. g3 Nf6 3. Bg2 e6 4. Nf3 Be7 5. O-O O-O 6. c4 d6 7. Nc3 Qe8 8. Re1 Ne4 9. Qc2 Qg6 10. Be3 Nxc3 11. Qxc3 Bf6 12. b4 a5 13. b5 Nd7 14. Rad1 Qh5 15. h4 h6 16. Nh2 g5 17. Bf3 Qg6 18. h5 Qg7 19. g4 f4 20. Bc1 e5 21. e3 fxe3 22. fxe3 Kh8 23. Qd3 Rb8 24. Bb2 exd4 25. exd4 Nb6 26. Ba1 Qh7 27. Qxh7+ Kxh7 28. c5 Na8 29. cxd6 cxd6 30. Bb2 1/2-1/2

[Event "POL Ch 28th"]
[Site "Poznan POL"]
[Date "1971.02.21"]
[Round "7"]
[White "Schmidt, Wlodzimierz"]
[Black "Filipowicz, Andrzej"]
[Result "1/2-1/2"]
[WhiteElo "2450"]
[BlackElo "2410"]
[PlyCount "26"]
[EventDate "1971.??.??"]
[Source "www.chesslib.no"]
[SourceDate "2004.05.04"]

1. Nf3 f5 2. g3 d6 3. d4 Nf6 4. c4 e6 5. Bg2 Be7 6. Nc3 O-O 7. O-O Qe8 8. Re1 Qg6 9. e4 Nxe4 10. Nxe4 fxe4 11. Rxe4 Nc6 12. Re1 Bf6 13. Bf4 Nb4 1/2-1/2

[Event "Munchen"]
[Site "?"]
[Date "1991.??.??"]
[Round "?"]
[White "Greenfeld, A."]
[Black "Riedel, W."]
[Result "1-0"]
[WhiteElo "2515"]
[BlackElo "2320"]
[PlyCount "109"]
[EventDate "1991.??.??"]
[Source "ChessBase"]
[SourceDate "1992.06.01"]

1. d4 f5 2. g3 Nf6 3. Bg2 e6 4. c4 Be7 5. Nf3 O-O 6. O-O d6 7. Nc3 Qe8 8. Re1 Qg6 9. e4 fxe4 10. Nxe4 Nc6 11. d5 exd5 12. Nh4 Qg4 13. Bf3 Qd7 14. Nxf6+ Bxf6 15. Qxd5+ Kh8 16. Qh5 Bxh4 17. Be4 g6 18. Qxh4 Qf7 19. Be3 Be6 20. Rad1 Rae8 21. b3 a6 22. Re2 Bf5 23. Bd5 Be6 24. Bg2 Bd7 25. Rde1 Rxe3 26. fxe3 Ne5 27. Qd4 b6 28. Rf1 Qe7 29. Rxf8+ Qxf8 30. Qh4 Bc6 31. Rf2 Qe8 32. Qf6+ Kg8 33. Bxc6 Nxc6 34. h3 Ne5 35. Kh2 Nd7 36. Qf3 Kg7 37. g4 Qe7 38. Kg2 Ne5 39. Qe4 a5 40. Kg3 h6 41. a3 h5 42. gxh5 Qg5+ 43. Kh2 Qxh5 44. Qf4 Qd1 45. Qf6+ Kh7 46. Qe7+ Kh6 47. Qd8 Kh7 48. Qxc7+ Kh6 49. Qd8 Kh7 50. b4 axb4 51. axb4 Qe1 52. Qe7+ Kh6 53. Qf8+ Kh7 54. Ra2 Nc6 55. Qxd6 1-0

[Event "XVII Festival"]
[Site "Abu Dhabi EAU"]
[Date "2007.08.12"]
[Round "1"]
[White "Jasim, A."]
[Black "Amin, B."]
[Result "0-1"]
[WhiteElo "2297"]
[BlackElo "2535"]
[PlyCount "48"]
[EventDate "2007.08.12"]
[Source "www.chesslib.no"]
[SourceDate "2004.05.04"]

1. Nf3 f5 2. g3 Nf6 3. Bg2 d6 4. d4 e6 5. O-O Be7 6. c4 O-O 7. Nc3 Qe8 8. Re1 Ne4 9. Qc2 Qg6 10. Nd2 Nxc3 11. Qxc3 Bf6 12. e4 c5 13. e5 cxd4 14. Qb3 Bxe5 15. Bxb7 Bxb7 16. Qxb7 f4 17. Rxe5 dxe5 18. Qxa8 Nd7 19. Qc6 Qf5 20. Qxd7 fxg3 21. fxg3 Qf2+ 22. Kh1 Qe2 23. Qxe6+ Kh8 24. Qh3 Qe1+ 0-1

[Event "Villa Martelli CA-ch"]
[Site "?"]
[Date "2001.??.??"]
[Round "9"]
[White "Scarella Enrique Alejandro"]
[Black "Valerga Diego"]
[Result "1/2-1/2"]
[WhiteElo "2361"]
[BlackElo "2468"]
[PlyCount "21"]
[EventDate "2001.??.??"]
[Source "www.chesslib.no"]
[SourceDate "2004.05.04"]

1. d4 f5 2. g3 Nf6 3. Bg2 e6 4. Nf3 Be7 5. c4 O-O 6. O-O d6 7. Nc3 Qe8 8. Re1 Qg6 9. e4 Nxe4 10. Nxe4 fxe4 11. Rxe4 1/2-1/2

[Event "otb"]
[Site "otb"]
[Date "2007.03.17"]
[Round "4"]
[White "Pogromsky Mikhail"]
[Black "Obukhov Alexander"]
[Result "0-1"]
[WhiteElo "2384"]
[BlackElo "2445"]
[PlyCount "78"]
[Source "www.chesslib.no"]
[SourceDate "2004.05.04"]

1. Nf3 f5 2. c4 Nf6 3. Nc3 d6 4. d4 e6 5. g3 Be7 6. Bg2 O-O 7. O-O Qe8 8. Re1 Qh5 9. e4 Nxe4 10. Nxe4 fxe4 11. Rxe4 Nc6 12. Bf4 Bf6 13. d5 Nd8 14. Ng5 Qxd1+ 15. Rxd1 e5 16. Bd2 h6 17. Nf3 b6 18. Bc3 Nb7 19. Ree1 Bg4 20. h3 Bh5 21. g4 Bg6 22. Nd2 Nc5 23. Nf3 a5 24. Re3 Rf7 25. Bf1 Raf8 26. Be1 Bc2 27. Rc1 Bh7 28. Rd1 Bd8 29. Be2 Bc2 30. Rc1 Be4 31. Rcc3 Bg6 32. h4 e4 33. Nd4 Bxh4 34. Ne6 Re8 35. Nxc5 dxc5 36. Bd1 Bf6 37. Rb3 Bd4 38. Rg3 Ref8 39. Rg2 e3 0-1

[Event "Belgrade GMA"]
[Site "Belgrade"]
[Date "1988.??.??"]
[Round "?"]
[White "Tseitlin, Mikhail S"]
[Black "Rasidovic, Sead"]
[Result "1/2-1/2"]
[WhiteElo "2455"]
[BlackElo "2370"]
[PlyCount "120"]
[EventDate "1988.12.??"]
[Source "www.chesslib.no"]
[SourceDate "2004.05.04"]

1. d4 e6 2. Nf3 f5 3. g3 Nf6 4. Bg2 d6 5. O-O Be7 6. c4 O-O 7. Nc3 Qe8 8. Re1 Qg6 9. Bg5 Nc6 10. Nb5 Bd8 11. d5 Ne5 12. dxe6 Bxe6 13. Qc2 Nc6 14. Rad1 Qf7 15. b3 Ne4 16. Bxd8 Raxd8 17. Nfd4 Nxd4 18. Nxd4 c6 19. e3 d5 20. f3 Nf6 21. c5 Nd7 22. b4 a6 23. a4 Ne5 24. Qc3 Rde8 25. b5 axb5 26. axb5 Bd7 27. Rb1 Re7 28. bxc6 bxc6 29. f4 Ng4 30. h3 Nf6 31. Rb6 Rc8 32. Kh2 Qh5 33. Bf3 Qh6 34. Qc2 Ne4 35. Bxe4 fxe4 36. f5 Rf7 37. g4 g6 38. Qf2 gxf5 39. gxf5 Kh8 40. Rg1 Qf6 41. Qg3 Rff8 42. Rb7 Rf7 43. Rg2 Rcf8 44. Rc7 Re8 45. Qd6 Qxd6+ 46. cxd6 Rc8 47. Rc2 Kg7 48. f6+ Kg6 49. Rg2+ Kxf6 50. Rf2+ Kg6 51. Rxf7 Rxc7 52. dxc7 Kxf7 53. Nxc6 Ke6 54. Na7 d4 55. exd4 e3 56. Kg2 Kd5 57. c8=Q Bxc8 58. Nxc8 Kxd4 59. Kf3 Kd3 60. Nd6 e2 1/2-1/2

[Event "ECC"]
[Site "Rethymnon"]
[Date "2003.09.30"]
[Round "3"]
[White "Palliser, Richard"]
[Black "Boe Olsen, Mads"]
[Result "1/2-1/2"]
[WhiteElo "2438"]
[BlackElo "2366"]
[PlyCount "46"]
[EventDate "2003.09.28"]
[Source "Roberto Alvarez"]
[SourceDate "2003.10.06"]

1. Nf3 e6 2. c4 f5 3. g3 Nf6 4. Bg2 Be7 5. O-O O-O 6. Nc3 d6 7. d4 Qe8 8. b4 Nbd7 9. Qb3 a5 10. bxa5 c6 11. Ng5 Bd8 12. Ba3 h6 13. Nh3 Bc7 14. Nf4 g5 15. Nd3 Rxa5 16. Rad1 Qf7 17. d5 exd5 18. cxd5 c5 19. Bc1 Nb6 20. Nb2 Bd7 21. f4 g4 22. e4 fxe4 23. Nxe4 Rb5 1/2-1/2

[Event "Nikolaev zt"]
[Site "Nikolaev"]
[Date "1995.??.??"]
[Round "11"]
[White "Krivoshey, Sergei"]
[Black "Vartapetyan, Armen"]
[Result "1-0"]
[WhiteElo "2420"]
[BlackElo "2375"]
[PlyCount "54"]
[EventDate "1995.03.??"]
[Source "ChessBase"]

1. Nf3 e6 2. c4 f5 3. g3 Nf6 4. Bg2 Be7 5. O-O O-O 6. Nc3 d6 7. d4 Qe8 8. Re1 d5 9. Ne5 c6 10. f3 Nfd7 11. Nxd7 Nxd7 12. e4 dxe4 13. fxe4 e5 14. exf5 exd4 15. Ne4 Qf7 16. g4 Qxc4 17. Bf4 d3 18. Rc1 Qd4+ 19. Kh1 Nb6 20. Rc3 Nd5 21. Rxd3 Qxb2 22. Rxd5 cxd5 23. Qxd5+ Kh8 24. Be5 Qb6 25. Bd4 Qc7 26. f6 Bxf6 27. Nxf6 Qd8 1-0

[Event "CRO Team Ch"]
[Site "Tucepi"]
[Date "1996.??.??"]
[Round "?"]
[White "Loncar, Robert"]
[Black "Messing, Hrvoje"]
[Result "1-0"]
[WhiteElo "2455"]
[BlackElo "2335"]
[PlyCount "88"]
[EventDate "1996.??.??"]
[Source "www.chesslib.no"]
[SourceDate "2004.05.04"]

1. Nf3 f5 2. d4 Nf6 3. g3 e6 4. Bg2 Be7 5. O-O O-O 6. c4 d6 7. Nc3 Qe8 8. Qd3 Qh5 9. Bg5 Nc6 10. Nb5 Bd8 11. Bxf6 Rxf6 12. d5 exd5 13. cxd5 Ne5 14. Nxe5 dxe5 15. d6 cxd6 16. Nxd6 Rh6 17. h4 Be6 18. Bd5 f4 19. Qb3 Qg4 20. Qxb7 fxg3 21. Bxe6+ Qxe6 22. Qxa8 gxf2+ 23. Rxf2 Qxd6 24. Raf1 Qg6+ 25. Rg2 Qb6+ 26. Rff2 Rd6 27. Qf3 Bf6 28. e3 h6 29. Rg4 Qd8 30. Kg2 Kh8 31. h5 Qc8 32. Qe4 Rd1 33. Rc2 Qd7 34. Rf2 Rc1 35. Qa8+ Kh7 36. Qf3 Kh8 37. b3 Rc3 38. Rc4 Rd3 39. Qa8+ Kh7 40. Qe4+ Kh8 41. Rfc2 Rd1 42. Rc8+ Bd8 43. Rf2 Qe7 44. Qg4 Qd6 1-0

[Event "BIH-chT"]
[Site "Bihac"]
[Date "1999.08.23"]
[Round "3"]
[White "Pezerovic, Edin"]
[Black "Rasidovic, Sead"]
[Result "1-0"]
[WhiteElo "2447"]
[BlackElo "2340"]
[PlyCount "88"]
[EventDate "1999.08.21"]
[Source "www.chesslib.no"]
[SourceDate "2004.05.04"]

1. Nf3 e6 2. d4 f5 3. c4 Nf6 4. g3 Be7 5. Bg2 O-O 6. O-O d6 7. Nc3 Qe8 8. b4 Bd8 9. c5 e5 10. dxe5 dxe5 11. e4 Kh8 12. exf5 Bxf5 13. Re1 e4 14. Ng5 Nc6 15. Ngxe4 Nxe4 16. Nxe4 Qg6 17. b5 Ne5 18. Qd4 Nf7 19. Bb2 c6 20. a4 Ba5 21. Bc3 Rad8 22. Qe3 Bc7 23. b6 Bb8 24. f4 axb6 25. cxb6 Rfe8 26. Qf3 Bg4 27. Qf2 h5 28. Nc5 Bc8 29. Rxe8+ Rxe8 30. Re1 Nh6 31. Rxe8+ Qxe8 32. Be4 Bd6 33. Bxg7+ Kg8 34. Bxh6 Qe7 35. Qa2+ Kh8 36. Qb2+ Kg8 37. Qb3+ Kh8 38. Qc3+ Kg8 39. Qc4+ Kh8 40. Qd4+ Kg8 41. Nd3 c5 42. Qd5+ Be6 43. Qxh5 c4 44. Qg6+ Kh8 1-0

[Event "Hotel Irottko IM"]
[Site "Koszeg"]
[Date "1999.06.25"]
[Round "3"]
[White "Kiss, Attila"]
[Black "Krizsany, Laszlo"]
[Result "1/2-1/2"]
[WhiteElo "2321"]
[BlackElo "2462"]
[PlyCount "25"]
[EventDate "1999.06.23"]
[Source "ChessBase"]
[SourceDate "1999.09.14"]

1. d4 f5 2. g3 Nf6 3. Bg2 e6 4. c4 Be7 5. Nc3 O-O 6. Nf3 d6 7. O-O Qe8 8. Re1 Qg6 9. e4 fxe4 10. Nxe4 Nxe4 11. Rxe4 Nc6 12. Re2 Bd7 13. Be3 1/2-1/2

[Event "RUS-Cup03 (Geller mem)"]
[Site "Moscow"]
[Date "1999.02.14"]
[Round "5"]
[White "Kostenko, Petr"]
[Black "Gavritenkov, Sergei"]
[Result "0-1"]
[WhiteElo "2468"]
[BlackElo "2312"]
[PlyCount "124"]
[EventDate "1999.02.10"]
[Source "ChessBase"]
[SourceDate "1999.06.08"]

1. c4 f5 2. g3 Nf6 3. Bg2 e6 4. Nf3 Be7 5. d4 d6 6. O-O O-O 7. Nc3 Qe8 8. Re1 Qg6 9. e4 Nxe4 10. Nxe4 fxe4 11. Rxe4 Nc6 12. Qe2 Bf6 13. d5 exd5 14. cxd5 Ne5 15. Nd4 Bg4 16. f3 Bf5 17. Nxf5 Qxf5 18. Be3 Nd7 19. Rc1 Qxd5 20. f4 Nc5 21. Rd4 Qf5 22. Rd5 Qe6 23. Qd2 Kh8 24. b4 Rae8 25. Bf2 Ne4 26. Re1 Nxd2 27. Rxe6 Rxe6 28. Rxd2 c6 29. f5 Re5 30. g4 d5 31. Bxa7 Bg5 32. Rc2 Ra8 33. Bf2 Be3 34. Bxe3 Rxe3 35. b5 Re1+ 36. Bf1 cxb5 37. Rd2 Rd8 38. Kf2 Rb1 39. Bg2 d4 40. Bxb7 Kg8 41. Be4 Rb4 42. Bd3 h6 43. Kf3 Kf7 44. h4 Re8 45. g5 h5 46. Kf4 Re1 47. Rc2 Re3 48. a3 Rb3 49. Be2 Rec3 50. Bxh5+ Ke7 51. Re2+ Re3 52. Rd2 Rh3 53. Rxd4 Rxh4+ 54. Bg4 Rxa3 55. Re4+ Kf8 56. Ke5 Ra4 57. Bf3 Raxe4+ 58. Bxe4 Rg4 59. g6 Ke7 60. Bd5 b4 61. Be6 Rg3 62. Kf4 Rxg6 0-1

[Event "Cannes Open"]
[Site "Cannes FRA"]
[Date "1995.??.??"]
[Round "8"]
[White "Koerholz, Ludger"]
[Black "Andrianov, Nikolai"]
[Result "1/2-1/2"]
[WhiteElo "2350"]
[BlackElo "2425"]
[PlyCount "91"]
[EventDate "1995.02.??"]
[Source "www.chesslib.no"]
[SourceDate "2004.05.04"]

1. c4 f5 2. d4 Nf6 3. g3 e6 4. Bg2 Be7 5. Nf3 O-O 6. O-O d6 7. Nc3 Qe8 8. Re1 Nc6 9. d5 Nd8 10. e4 Nxe4 11. Nxe4 fxe4 12. Nd2 e5 13. Nxe4 Qg6 14. Bd2 Nf7 15. Rc1 Ng5 16. Bxg5 Bxg5 17. Nxg5 Qxg5 18. c5 Bg4 19. Qd3 Rf7 20. cxd6 cxd6 21. Be4 g6 22. h4 Qf6 23. Qe3 a6 24. Rc2 Raf8 25. a4 Bf5 26. a5 Bxe4 27. Qxe4 Qd8 28. b4 Kg7 29. Ree2 Qd7 30. Re3 Rc8 31. Rec3 Rxc3 32. Rxc3 Qa4 33. Kg2 Qd1 34. Rc2 h5 35. Rb2 Rc7 36. Rb1 Qd2 37. Kg1 Rc2 38. Qf3 e4 39. Qe3 Qxd5 40. Re1 Qf5 41. Qd4+ Qf6 42. Rxe4 Qxd4 43. Rxd4 Rc6 44. Kf1 b6 45. axb6 Rxb6 46. Ke2 1/2-1/2

[Event "03sen.Bad Bertrich-Moselpokal-"]
[Site "?"]
[Date "2002.12.06"]
[Round "8.3"]
[White "Khanukov Boris"]
[Black "Rotstein Jefim[Efim"]
[Result "0-1"]
[WhiteElo "2370"]
[BlackElo "2396"]
[PlyCount "138"]
[EventDate "2002.??.??"]
[Source "www.chesslib.no"]
[SourceDate "2004.05.04"]

1. d4 f5 2. c4 Nf6 3. g3 e6 4. Bg2 Be7 5. Nf3 d6 6. O-O O-O 7. Nc3 Qe8 8. Re1 Ne4 9. Qc2 Qg6 10. b4 Nd7 11. Bb2 c6 12. e3 Ndf6 13. c5 d5 14. Ne5 Qh6 15. f3 Nxc3 16. Bxc3 Nd7 17. Nd3 Nf6 18. a4 Bd7 19. Rab1 a6 20. Ne5 Be8 21. Bd2 g5 22. Bf1 Nd7 23. Nxd7 Bxd7 24. b5 axb5 25. axb5 Qh5 26. Kg2 g4 27. f4 Qe8 28. bxc6 Bxc6 29. Ra1 Rxa1 30. Rxa1 h5 31. Ba5 Qd7 32. Bb6 h4 33. Ra7 Kf7 34. Qa2 Qc8 35. Qa5 Rh8 36. Bc7 hxg3 37. hxg3 Qg8 38. Be5 Bd8 39. Qa6 Kg6 40. Qe2 Rh3 41. Kf2 Rh2+ 42. Bg2 Bf6 43. Kg1 Qh8 44. Bxf6 Kxf6 45. Qb2 Rh7 46. Qb6 Qe8 47. Kf2 Qb8 48. Qa5 Rh8 49. Bf1 Rh2+ 50. Kg1 Rh8 51. Qb6 Rh7 52. Ra2 Qh8 53. Bg2 Qb8 54. Qa5 Rh8 55. Bf1 Qd8 56. Qc3 Qe8 57. Qb2 Rh7 58. Ra1 Qh8 59. Bg2 Qe8 60. Qb6 Bb5 61. Kf2 Bd3 62. Bxd5 Rh2+ 63. Kg1 Rd2 64. Qd6 Kf7 65. Qc7+ Kg6 66. Bxb7 Qh8 67. Bg2 Rxg2+ 68. Kxg2 Qh3+ 69. Kf2 Qh2+ 0-1

[Event "5th Hampstead GM"]
[Site "London ENG"]
[Date "1999.04.09"]
[Round "3"]
[White "Ippolito, D."]
[Black "Pein, M."]
[Result "1-0"]
[WhiteElo "2336"]
[BlackElo "2425"]
[PlyCount "47"]
[EventDate "1999.??.??"]
[Source "www.chesslib.no"]
[SourceDate "2004.05.04"]

1. d4 e6 2. c4 f5 3. g3 Nf6 4. Bg2 Be7 5. Nf3 O-O 6. O-O d6 7. Nc3 Qe8 8. Re1 Ne4 9. Qc2 Qg6 10. Be3 Nxc3 11. bxc3 Nd7 12. Bf4 Qh5 13. h4 Bf6 14. Qd2 Re8 15. e4 e5 16. dxe5 dxe5 17. exf5 exf4 18. g4 Qf7 19. Ng5 Bxg5 20. Bd5 Be7 21. g5 Nb6 22. Bxf7+ Kxf7 23. c5 Bxc5 24. g6+ 1-0

[Event "It (Men) Budapest HUN"]
[Site "?"]
[Date "2005.08.06"]
[Round "1"]
[White "Szeberenyi Adam"]
[Black "Boe Olsen Mads"]
[Result "1/2-1/2"]
[WhiteElo "2396"]
[BlackElo "2364"]
[PlyCount "81"]
[EventDate "2005.??.??"]
[Source "www.chesslib.no"]
[SourceDate "2004.05.04"]

1. d4 f5 2. g3 Nf6 3. Bg2 e6 4. c4 Be7 5. Nf3 O-O 6. O-O d6 7. Nc3 Qe8 8. Re1 Qh5 9. e4 fxe4 10. Nxe4 Nc6 11. Bf4 h6 12. d5 Nd8 13. Nfd2 Qxd1 14. Raxd1 g5 15. Be3 exd5 16. Nc3 dxc4 17. Bxg5 hxg5 18. Rxe7 Rf7 19. Rde1 Kf8 20. Rxf7+ Nxf7 21. Nd5 Nxd5 22. Bxd5 Rb8 23. Nxc4 Bd7 24. Re3 b5 25. Na5 Ne5 26. f4 gxf4 27. gxf4 Ng4 28. Re2 b4 29. Nc6 Rb5 30. Bf3 Nf6 31. Rc2 b3 32. axb3 Rxb3 33. Kg2 Bh3+ 34. Kxh3 Rxf3+ 35. Kg2 Rxf4 36. Nxa7 c5 37. Rf2 Rg4+ 38. Kf1 Kf7 39. Nc6 Rg8 40. b4 cxb4 41. Nxb4 1/2-1/2

[Event "Prix R5"]
[Site "?"]
[Date "1993.??.??"]
[Round "?"]
[White "Llanos, G."]
[Black "Langier, D."]
[Result "1-0"]
[WhiteElo "2405"]
[BlackElo "2355"]
[PlyCount "101"]
[EventDate "1993.??.??"]
[Source "www.chesslib.no"]
[SourceDate "2004.05.04"]

1. d4 f5 2. g3 Nf6 3. Bg2 e6 4. c4 Be7 5. Nf3 O-O 6. O-O d6 7. Nc3 Qe8 8. Re1 Qg6 9. e4 fxe4 10. Nxe4 Nxe4 11. Rxe4 Nc6 12. Qe2 Bf6 13. Bd2 e5 14. dxe5 Nxe5 15. Nxe5 Bxe5 16. Bb4 Re8 17. Re1 Bd7 18. c5 Qf6 19. cxd6 cxd6 20. Re3 Be6 21. Bxd6 Bxd6 22. Rxe6 Qxe6 23. Qxe6+ Rxe6 24. Rxe6 Bc5 25. Bxb7 Rb8 26. Bd5 Kf8 27. Re2 Rd8 28. Bc4 Rd4 29. b3 Bb4 30. Re5 g6 31. Rb5 a5 32. Rb7 h6 33. a4 g5 34. Rh7 Rd6 35. Kg2 Bc3 36. Rf7+ Ke8 37. Rb7 Rf6 38. f3 Kd8 39. Rh7 Bb4 40. Kh3 Bc5 41. Kg4 Bg1 42. h3 Bf2 43. f4 gxf4 44. gxf4 Be3 45. f5 Rd6 46. Kf3 Bd2 47. Ke4 Rd7 48. Rh8+ Ke7 49. Be6 Rd6 50. Rh7+ Kf6 51. h4 1-0